Poland A-Z - Statistics

General Stats
  • This quiz has been taken 1,162 times
  • The average score is 16 of 26
Answer Stats
Clue Answer % Correct
B Bordering sea Baltic Sea
97%
A Concentration camp Auschwitz
94%
W Capital city Warsaw
92%
N Military alliance joined in 1999 NATO
87%
P "Poland" in Polish Polska
86%
G Formerly known as Danzig Gdańsk
84%
L Country Poland had a union with, 1569–1795 Lithuania
84%
Z Currency Złoty
83%
J The only Polish pope John Paul II
82%
I First European country Poland faced in FIFA World Cup in 1974 Italy
68%
O River on the German border Oder
65%
R What Marie Curie conducted pioneering research on Radioactivity
65%
F Given name of the Piano virtuoso, Chopin Frédéric
63%
C Mountain range in southern Poland Carpathian
61%
K Capital of the Silesia province Katowice
60%
V Longest river Vistula
59%
H Astronomical model Nicolaus Copernicus created Heliocentrism
57%
D Current president Andrzej Duda
56%
Y WWII conference that established the current borders of Poland Yalta
56%
T President of the European Council Donald Tusk
47%
E Top professional football league Ekstraklasa
40%
Q Novel by Henryk Sienkiewicz Quo Vadis
36%
S Non-Communist trade union Solidarity
35%
X Female name with the name day in April 16 Xenia
26%
U Historical region K is located in Upper Silesia
24%
M Most famous piano waltz of F Minute Waltz
7%
No matching quizzes found
Score Distribution
Percent of People with Each Score
Percentile by Number Answered
Your Score History
You have not taken this quiz